[Event "RUS Cup Final Women 2017"]
[Site "Khanty-Mansiysk"]
[Date "2017.12.05"]
[Round "1"]
[White "Kovanova, Baira"]
[Black "Schepetkova, Margarita"]
[Result "1-0"]
[WhiteElo "2367"]
[BlackElo "2247"]
[Annotator "ChessBase"]
[PlyCount "93"]
[EventDate "2017.??.??"]
[EventCountry "RUS"]
[SourceTitle "playchess.com"]
[Source "ChessBase"]
[SourceQuality "1"]
[TimeControl "5400+30"]

1. Nf3 d5 2. g3 Nf6 3. Bg2 c6 4. O-O Bg4 5. Ne5 Bf5 6. c4 e6 7. cxd5 exd5 8. d4 Nbd7 9. Nc3 Bd6 10. Bf4 Qe7 11. Nxd7 Bxd7 12. Bg5 Bb4 13. e4 Bxc3 14. e5 Ba5 15. exf6 gxf6 16. Bh4 Rg8 17. Qa4 Qb4 18. Qc2 Qxd4 19. Rfd1 Qg4 20. Bxf6 Qg6 21. Qe2+ Be6 22. Bd4 Bb6 23. Bxb6 axb6 24. Qe3 b5 25. Qb6 Bc8 26. Be4 Qh5 27. Bg2 Kf8 28. Rd4 Qg5 29. Re1 Kg7 30. Rf4 Ra4 31. b4 Qd8 32. Qc5 Re8 33. Qd4+ Kg8 34. Ra1 Qe7 35. Bf3 Qe5 36. Qd1 Ra3 37. Bg4 Bxg4 38. Qxg4+ Qg7 39. Qd1 Kh8 40. Rb1 Rxa2 41. Qf3 Re7 42. Kg2 Rae2 43. Rb3 R2e4 44. Ra3 h6 45. Rf6 Qg4 46. Rxh6+ Kg8 47. Ra8+ 1-0

[Event "RUS Cup Final Women 2017"]
[Site "Khanty-Mansiysk"]
[Date "2017.12.05"]
[Round "1"]
[White "Mirzoeva, Elmira"]
[Black "Shaydullina, Sandugach"]
[Result "0-1"]
[WhiteElo "2313"]
[BlackElo "2185"]
[Annotator "TA"]
[PlyCount "96"]
[EventDate "2017.??.??"]
[EventCountry "RUS"]

{[%evp 16,96,8,0,0,0,0,0,29,32,31,31,37,39,36,37,51,41,42,34,25,26,49,-3,-4,-123,-122,-224,-195,-276,-231,-225,-172,-173,-166,-178,-131,-131,-129,-208,-124,-116,-93,-159,-121,-175,-157,-324,-322,-318,-315,-335,-329,-295,-260,-253,-239,-226,-171,-172,-162,-166,-161,-258,-253,-272,-270,-275,-226,-271,-221,-211,-56,-201,-164,-258,-252,-239,-224,-29994,-29995,-29995,-29996]} 1. d4 d5 2. c4 e6 3. Nc3 a6 4. cxd5 exd5 5. Bf4 Nf6 6. Nf3 {D31: Queen's Gambit Declined: Semi-Slav without ...Nf6 (+ Marshall Gambit and Noteboom) and Exchange Variation lines without ...Nf6} (6. e3 Bd6 7. Bxd6 Qxd6 8. Bd3 O-O 9. Qc2 c5 10. dxc5 Qxc5 11. Nge2 Nc6 12. Rd1 Rd8 {½-½ (35) Gelfand,B (2737)-Nisipeanu,L (2672) Heraklio 2017}) 6... Bd6 7. Bxd6 Qxd6 8. e3 O-O 9. Bd3 {LiveBook: 3 Games} Bg4 10. O-O Nbd7 $146 ({Predecessor:} 10... Nc6 11. h3 Bh5 12. a3 b5 {½-½ (21) Rohloff,F (1623)-Schmid,F GER email 2012}) 11. Rc1 c5 12. dxc5 Nxc5 13. Be2 Rfe8 14. Nd4 Bd7 15. Nb3 Nce4 16. Nxe4 Nxe4 17. Qd4 Rad8 18. Rfd1 Qg6 19. Rc7 ({Better is} 19. h4 $14) 19... Bh3 $1 $11 {[%csl Gh3][%cal Rg6g2]} 20. Bf1 (20. g3 $1 $11) 20... Ng5 $1 $17 {[%cal Rg5f3] Hoping for ...Nf3+.} 21. Nd2 (21. Qf4 $17 Ne6 22. Qxf7+ Qxf7 23. Rxf7 Kxf7 24. gxh3) 21... Ne6 $19 22. Qc3 (22. Qb6 {was necessary.} Nxc7 23. Qxc7) 22... Nxc7 23. Qxc7 Rd7 24. Qc3 Bg4 25. Rc1 Qb6 {And now ...d4 would win.} 26. Nb3 Rdd8 27. Nc5 {[#]} (27. Re1 $17 {was worth a try.}) 27... g6 (27... d4 $1 $19 28. exd4 Be2) 28. Qd4 $17 Bf5 29. Be2 (29. b4 $142) 29... Re7 {[%cal Be8e7,Be7c7,Bc7c4][%mdl 32]} 30. Bf3 (30. b4 $17 {keeps fighting.}) 30... Qd6 31. Rd1 $2 (31. g4 $17 Be4 32. Bd1) 31... Rc7 $1 $19 {[%cal Rc7c5]} 32. b4 b6 33. Nxa6 Rc4 $1 {[%cal Rc4d4]} 34. Qb2 Be4 35. Bxe4 Rxe4 36. b5 Rc4 37. a3 d4 {Threatens to win with ...Qe7.} 38. Nb4 Rd7 $40 {[%mdl 128] Black attacks with force.} 39. h3 (39. e4 $142) 39... Qe6 40. Rxd4 Rdxd4 41. exd4 {[%mdl 4096] Endgame KQR-KQN} Qe1+ 42. Kh2 Qe4 43. d5 {[#]} Rd4 $2 ({Black should play} 43... Qf4+ $1 $19 44. g3 Qe4) 44. Qc3 ({Only move:} 44. Nc6 $1 $15 Rxd5 45. Qf6) 44... h5 {[%mdl 1024] Black has strong compensation.} 45. Qe3 (45. Nc6 $142 Rxd5 46. Qf6) 45... Kf8 46. Qh6+ {[#]} Ke8 $1 47. g3 $2 (47. Nc6 $19 Qf4+ 48. Qxf4 Rxf4 49. f3) 47... Rd1 {[%csl Gd1][%cal Re4h1]} 48. Qh8+ Kd7 {Precision: White = 40%, Black = 68%.} 0-1

[Event "RUS Cup Final Women 2017"]
[Site "Khanty-Mansiysk"]
[Date "2017.12.05"]
[Round "1"]
[White "Makarenko, Alexandra"]
[Black "Belenkaya, Dina"]
[Result "1/2-1/2"]
[WhiteElo "2277"]
[BlackElo "2328"]
[Annotator "NA"]
[PlyCount "77"]
[EventDate "2017.??.??"]
[EventCountry "RUS"]
[SourceTitle "playchess.com"]
[Source "ChessBase"]
[SourceQuality "1"]
[TimeControl "5400+30"]

1. e4 c6 2. d4 d5 3. e5 c5 4. dxc5 Nc6 5. Nf3 Bg4 6. c3 {B12: Caro-Kann: Advance Variation} e6 7. b4 g6 (7... a6 8. Nbd2 Nxe5 9. Qa4+ Nd7 10. Ne5 Ngf6 11. c4 a5 12. Nb3 axb4 13. Qb5 Be7 {0-1 (53) Topalov,V (2760)-Nakamura,H (2779) London 2016}) 8. Bf4 $146 ({Predecessor:} 8. Bb5 Bxf3 9. Qxf3 Bg7 10. Bxc6+ bxc6 11. Qe2 a5 12. a3 f6 13. Bf4 Nh6 {0-1 (34) Fedoseev,V (2670)-Fridman,D (2620) Liepaja 2016}) 8... Bxf3 9. Qxf3 Bg7 10. Bb5 Nge7 11. Qe2 O-O 12. Bxc6 Nxc6 13. b5 Na5 14. Be3 Bxe5 15. f4 Bg7 16. Bd4 Re8 17. O-O f6 (17... Bf8 $17 18. Nd2 Qc7) 18. Nd2 e5 19. fxe5 fxe5 20. Bf2 Rc8 21. Rad1 e4 $1 22. Bd4 Qc7 (22... e3 $5 23. Bxe3 Bh6 $11) 23. Nb3 Bxd4+ 24. cxd4 Nc4 25. Nd2 Na3 26. Nb1 Qa5 27. Nxa3 Qxa3 28. Qg4 Rcd8 29. c6 bxc6 30. bxc6 Qc3 $11 31. Rf6 e3 32. Rxg6+ hxg6 33. Qxg6+ Kh8 34. Qh6+ Kg8 35. Qg6+ Kh8 36. Qh6+ Kg8 37. Qg6+ Kh8 38. Qh6+ Kg8 39. Qg6+ 1/2-1/2

[Event "RUS Cup Final Women 2017"]
[Site "Khanty-Mansiysk"]
[Date "2017.12.05"]
[Round "1"]
[White "Maltsevskaya, Aleksandra"]
[Black "Tomilova, Elena"]
[Result "1/2-1/2"]
[WhiteElo "2260"]
[BlackElo "2322"]
[Annotator "RC"]
[PlyCount "120"]
[EventDate "2017.??.??"]
[EventCountry "RUS"]
[SourceTitle "playchess.com"]
[Source "ChessBase"]
[SourceQuality "1"]
[TimeControl "5400+30"]

1. e4 e6 2. d4 d5 3. Nc3 Nf6 4. Bg5 dxe4 5. Nxe4 Nbd7 6. Nxf6+ Nxf6 7. Nf3 Be7 8. Bd3 c5 9. Qe2 O-O 10. dxc5 Qa5+ 11. c3 Qxc5 12. O-O h6 13. Bh4 Bd7 14. Ne5 Rfd8 15. Rad1 Be8 16. Bxf6 Bxf6 17. Ng4 Bc6 18. Nxf6+ gxf6 19. Be4 Bb5 20. Qg4+ Qg5 21. Qxg5+ hxg5 22. Rfe1 Bc6 23. Bxc6 bxc6 24. g3 Kf8 25. Kg2 Ke7 26. Kf3 Rh8 27. Rd4 Rxh2 28. Red1 Rb8 29. Rd7+ Ke8 30. c4 f5 31. b3 g4+ 32. Ke3 Rh1 33. R1d3 Re1+ 34. Kd2 Ra1 35. Rxa7 Rd8 36. Rxd8+ Kxd8 37. a4 Ra2+ 38. Kc3 Rxf2 39. Rxf7 c5 40. a5 Ra2 41. Ra7 Ke8 42. a6 e5 43. b4 Ra3+ 44. Kb2 cxb4 45. c5 Kd8 46. Rf7 Rxa6 47. Kb3 Re6 48. Kc4 e4 49. Rxf5 e3 50. Rf1 Kc7 51. Kxb4 e2 52. Re1 Kc6 53. Kc4 Re3 54. Kd4 Re8 55. Kd3 Kxc5 56. Rxe2 Rxe2 57. Kxe2 Kd4 58. Kd2 Ke4 59. Ke2 Kd4 60. Kd2 Ke5 1/2-1/2

[Event "RUS Cup Final Women 2017"]
[Site "Khanty-Mansiysk"]
[Date "2017.12.06"]
[Round "1.2"]
[White "Tomilova, Elena"]
[Black "Maltsevskaya, Aleksandra"]
[Result "1-0"]
[WhiteElo "2322"]
[BlackElo "2276"]
[Annotator "TA"]
[PlyCount "89"]
[EventDate "2017.??.??"]
[EventCountry "RUS"]
[SourceTitle "playchess.com"]
[Source "ChessBase"]
[SourceQuality "1"]

{[%evp 14,89,24,14,26,23,25,21,31,23,22,0,5,-10,-16,-27,45,45,26,0,0,0,318,318,310,-353,311,311,408,396,371,372,363,354,395,406,377,397,460,441,469,456,487,485,539,512,603,567,715,715,715,715,711,708,828,817,840,799,839,794,836,698,707,690,850,850,1028,1015,997,981,1424,1376,1791,1533,1919,1825,1681,1600]} 1. c4 c6 2. d4 d5 3. Nf3 Nf6 4. e3 e6 5. Bd3 Nbd7 (5... g6 6. b3 Bg7 7. Ba3 Qa5+ 8. Qd2 Qxd2+ 9. Nbxd2 Bf8 10. Bxf8 Kxf8 11. Ke2 Nbd7 12. Rhc1 Kg7 13. b4 {½-½ (44) Topalov,V (2749)-Nakamura,H (2780) Saint Louis 2017}) 6. b3 {D30: Queen's Gambit Declined: Systems without Nc3} b6 7. O-O Bb7 8. Bb2 {LiveBook: 92 Games. White has an edge.} Rc8 9. Nbd2 Be7 10. Ne5 dxc4 $146 ({Predecessor:} 10... Nxe5 11. dxe5 Nd7 12. f4 Bc5 13. Qe2 g6 14. Rae1 Rc7 {1-0 (39) Mattes,H (1921)-Suess,S (1834) Bayern 2010}) 11. Ndxc4 c5 12. Qe2 cxd4 ({Much worse is} 12... Nxe5 $6 13. dxe5 Nd5 14. Qg4 $16) 13. exd4 O-O 14. Rad1 Nxe5 (14... Nd5 $11) 15. dxe5 $14 Nd5 16. Nd6 Bxd6 17. exd6 $40 {[%mdl 128] Black needs to defend precisely.} Qxd6 $2 {[%mdl 8192] [#]} (17... Nc3 $1 $11 {and Black stays safe.} 18. Bxc3 Rxc3) 18. Bxh7+ $1 $18 {[%mdl 512]} Kxh7 19. Qh5+ $1 Kg8 {[#] Hoping for ...f6.} 20. Bxg7 $1 {[%mdl 512]} Kxg7 {[#]} 21. Qg5+ $1 Kh7 22. Rd4 {[%cal Rd4h4]} Qb4 23. Qh4+ Kg7 24. Rxb4 Nxb4 25. Qxb4 Rfd8 26. Qe7 {White is clearly winning.} Bd5 27. Qxa7 Rd6 28. Qe7 Rdc6 29. h3 Rc2 30. Re1 {White wants to mate with Re5.} R2c7 31. Qg5+ Kf8 32. Qf6 Ke8 33. Re5 Re7 34. Rg5 {Rg8+ is the strong threat.} Rc6 35. Rg8+ Kd7 36. Qh8 Rc7 37. Rd8+ Kc6 38. Rc8 f5 39. h4 {[%cal Bh3h4,Bh4h5,Bh5h6][%mdl 32]} Kb7 40. Rxc7+ Rxc7 41. h5 f4 42. f3 Re7 43. Qf6 Rh7 44. Qg6 Re7 45. h6 {Precision: White = 78%, Black = 35%.} 1-0

[Event "RUS Cup Final Women 2017"]
[Site "Khanty-Mansiysk"]
[Date "2017.12.06"]
[Round "1.2"]
[White "Belenkaya, Dina"]
[Black "Makarenko, Alekxandra"]
[Result "1-0"]
[WhiteElo "2303"]
[BlackElo "2290"]
[Annotator "TA"]
[PlyCount "201"]
[EventDate "2017.??.??"]
[EventCountry "RUS"]
[SourceTitle "playchess.com"]
[Source "ChessBase"]
[SourceQuality "1"]

{[%evp 17,201,8,31,0,0,-53,-20,-262,-254,-280,-277,-291,-297,-321,-298,-298,-304,-310,-298,-336,-313,-475,-472,-460,-402,-535,-467,-591,-579,-570,-573,-591,-563,-554,-547,-541,-543,-562,-408,-408,-408,-408,-408,-408,-408,-408,-408,-399,-395,-416,-374,-361,-305,-279,-298,-342,-341,-347,-354,-409,-335,-337,-92,-86,0,0,0,0,0,0,0,0,0,0,0,0,0,-46,0,-8,0,0,0,0,0,0,0,0,0,-72,-54,-201,-145,-219,0,0,0,-235,-77,-72,-22,-67,-86,-332,-123,-116,-110,-228,-185,-193,-171,-142,-125,-128,-137,-141,0,0,0,0,0,0,0,0,0,0,41,41,41,74,1857,532,1857,1857,1857,1857,1857,1857,1857,1857,1850,1843,1788,1771,1843,1843,1843,1823,1708,1533,29975,29976,29977,29977,29976,29977,29977,29978,29978,29979,29980,29982,29980,29980,29983,29984,29985,29986,29986,29987,29987,29988,29988,29989,29989,29990,29990,29990,29991,29991,29991,29990,29991,29990,29990,29991]} 1. e4 e5 2. Nf3 Nc6 3. Nc3 Nf6 4. d4 Bb4 5. Nxe5 Bxc3+ 6. bxc3 Qe7 7. Nxc6 Qxe4+ 8. Be2 Qxc6 9. O-O Qxc3 {LiveBook: 8 Partien. C47: Schottisches Vierspringerspiel} 10. Bg5 $146 ({Vorgänger:} 10. Rb1 O-O 11. d5 Qe5 12. Bf3 d6 13. Re1 Qf5 14. Rb4 Re8 15. Rxe8+ Nxe8 16. Bg4 Qe5 17. Bxc8 Rxc8 {½-½ (30) Nitin,S (2398)-Lin,C (2516) Vlissingen 2016}) 10... Ne4 $1 {[%cal Re4g5]} 11. Bh4 (11. Bf4 $11) 11... O-O {Schwarz steht etwas besser.} 12. Rb1 $2 (12. Qd3 $11 {und Weiss muss sich keine Sorgen machen.} d5 13. f3 Qxd3 14. Bxd3) 12... Nd2 $19 13. Rb5 Nxf1 14. Kxf1 d6 15. Bd3 f5 16. Be2 Be6 17. d5 Bd7 18. Rb3 Qe5 19. Re3 (19. Kg1 {kämpft weiter.} Rae8 20. Bf1) 19... Qxh2 {[%cal Rh2h1]} 20. Rh3 Qf4 21. Bg3 Qb4 22. Rh4 f4 23. a3 Qa4 24. Bd3 Bb5 (24... fxg3 25. Bxh7+ Kh8 26. Rxa4 $14) 25. Kg1 Bxd3 (25... fxg3 26. Bxh7+ Kf7 27. Qh5+ (27. Rxa4 gxf2+ 28. Kxf2 Bxa4 $11) 27... Ke7 28. Qg5+ Ke8 29. Qxg3 $16) 26. Qxd3 g6 27. Rg4 {beabsichtigt Txg6+!} Qd7 28. Rxf4 Rxf4 29. Bxf4 {[%mdl 4096] Endspiel KDT-KDL} Qf5 30. Qc4 Re8 31. Be3 Re7 32. Qh4 Kf8 33. Qc4 Qe4 34. Qb5 c6 35. dxc6 Qxc6 36. Qb3 b6 37. Bh6+ Ke8 38. Qg8+ Kd7 39. Bg5 Qxc2 $2 (39... Re1+ $19 40. Kh2 Qc5 41. Qd8+ Kc6 42. Qc8+ Kb5 43. a4+ Kc4 44. Qa6+ b5) 40. Bxe7 $17 {Und Dd8+ würde nun gewinnen.} Qd1+ ({Bitte nicht} 40... Kxe7 41. Qxh7+ Ke6 42. Qg8+ Kd7 43. Qf7+ Kc6 44. Qxa7 $15) ({Lieber} 40... Qc1+ $1 $17 41. Kh2 Qh6+ 42. Kg1 Kxe7) 41. Kh2 $11 Qh5+ 42. Kg1 Qd1+ 43. Kh2 Qh5+ 44. Kg1 Kxe7 {KD-KD} 45. Qg7+ Ke6 46. Qxa7 b5 47. Qe3+ Kd5 (47... Qe5 $5 {[%cal Re5e3]} 48. Qf3 h5 $17) 48. Qb3+ Kc5 49. Qe3+ Kc6 50. Qe8+ Kb6 51. Qd8+ Kc5 52. Qc7+ Kd5 53. Qb7+ (53. Qf7+ $1 $11 {bleibt in der Remisbreite.} Kc6 54. Qe8+ Kc5 55. Qe3+ Kd5 56. Qe8 Qd1+ 57. Kh2) 53... Kd4 $1 $17 54. Qg7+ (54. Qd7 $15) 54... Kd3 55. Qd7 (55. Qa1 $17) 55... Qd1+ $2 (55... Kc2 $1 $19 {Weiss muss nun ...Dc5 beachten.} 56. g3 Qc5 57. Qxh7 Qxa3) 56. Kh2 $11 Qh5+ $2 (56... Ke2 $11) 57. Kg1 $1 $19 Qe5 $2 (57... Kc2 $1 $19 {und Schwarz behält klar die Oberhand.} 58. g3 Qc5 59. Qxh7 Qxa3 60. Qc7+ Kb1) 58. Qxh7 $17 Qe1+ 59. Kh2 Qe4 60. Qa7 $2 (60. Qd7 $17) 60... Qe5+ $2 (60... d5 $1 $19 {ist viel giftiger.} 61. Qb8 Qc4) 61. Kg1 Kc2 62. Qa5 (62. g4 $17) 62... g5 $19 63. Qb4 Qa1+ 64. Kh2 Qh8+ 65. Kg1 Qe5 $1 66. g3 Qa1+ ({Günstiger ist} 66... Qc5 $17 {Droht ...Dxb4 und aus.} 67. Qe1 d5 68. Qe2+ Kb3) 67. Kg2 $11 Qe5 68. Kh2 Qe2 69. Kg2 ({Natürlich nicht} 69. Qxd6 Qxf2+ 70. Kh3 Qf5+ 71. Kh2 g4 $17) 69... d5 {Droht stark ...De4+.} 70. a4 $1 {[%cal Ra4b5]} bxa4 71. Qxa4+ Kb2 72. Qd4+ Kc2 73. Qxd5 {Da2+ ist eine echte Drohung.} Qe7 $2 {[%mdl 8192]} (73... g4 $16) 74. f3 (74. Kf3 $142 Qf6+ 75. Kg4) 74... Kc3 75. Kh3 Qe2 76. Kg4 Qe7 77. Qxg5 Qd7+ 78. Kh4 Qh7+ {[#]} 79. Qh5 $1 {[%cal Rh5h7]} Qe7+ 80. Kh3 Qe6+ 81. g4 Qe3 82. Qf5 Qg1 83. g5 Kd2 84. g6 {Weiß setzt Matt.} Qf1+ 85. Kg4 Qg2+ 86. Kh5 Qh2+ 87. Kg5 Qg3+ 88. Kh6 Qh2+ 89. Qh5 Qd6 90. Qg5+ Ke2 91. f4 {[%cal Bf3f4,Bf4f5,Bf5f6,Bf6f7][%mdl 32]} Kf3 92. f5 Ke4 93. f6 Qh2+ 94. Kg7 Qb2 95. Kh7 Qh2+ {[#]} 96. Qh6 $1 Qc7+ 97. f7 Kf5 98. Kg8 Qc4 99. g7 Qa2 100. Kh8 Qxf7 101. g8=Q {Precision: Weiß = 44%, Schwarz = 46%.} 1-0

[Event "RUS Cup Final Women 2017"]
[Site "Khanty-Mansiysk"]
[Date "2017.12.06"]
[Round "1.2"]
[White "Schepetkova, Margarita"]
[Black "Kovanova, Baira"]
[Result "1/2-1/2"]
[WhiteElo "2247"]
[BlackElo "2367"]
[Annotator "TA"]
[PlyCount "158"]
[EventDate "2017.??.??"]
[EventCountry "RUS"]
[SourceTitle "playchess.com"]
[Source "ChessBase"]
[SourceQuality "1"]

{[%evp 9,158,-5,15,8,37,4,11,10,11,7,8,5,0,0,6,0,6,0,0,-5,0,-2,3,0,4,6,6,8,37,15,17,14,22,20,44,15,34,37,38,37,35,35,44,45,44,46,82,77,71,40,96,88,91,88,102,102,150,147,154,154,172,172,162,150,153,160,139,120,141,119,131,132,129,127,168,58,58,38,38,38,38,38,38,38,58,58,58,58,58,58,58,58,58,58,58,58,58,58,58,58,58,58,58,58,58,58,58,58,58,58,58,58,58,58,58,0,0,0,0,0,0,0,0,0,0,0,0,0,0,0,0,0,0,0,0,0,0,0,0,0,8,8,8,8,8,8,8,8,8,0,0]} 1. d4 Nf6 2. Nf3 e6 3. Bf4 d5 4. e3 Bd6 5. Bg3 c6 {LiveBook: 3 Games} (5... O-O 6. c4 c5 7. Nc3 dxc4 8. dxc5 Bxc5 9. Bxc4 a6 10. O-O b5 11. Bd3 Bb7 12. Qe2 Nbd7 13. Rad1 Qb6 {1-0 (53) Carlsen,M (2840)-Jakovenko,D (2704) Doha 2016}) 6. Bd3 {D02: 1 d4 d5 2 Nf3 sidelines, including 2...Nf6 3 g3 and 2...Nf6 3 Bf4} Qc7 7. Nbd2 Nbd7 8. Bxd6 Qxd6 9. O-O O-O 10. e4 dxe4 11. Nxe4 Nxe4 12. Bxe4 Nf6 13. Bd3 c5 14. dxc5 Qxc5 15. Qe2 $146 b6 16. Qe5 Qxe5 17. Nxe5 Bb7 18. a4 Ne4 19. Rfc1 f6 20. Nc4 Nc5 21. Bf1 Rab8 22. f3 (22. b4 $5 {[%cal Rb4c5]} Na6 23. c3 $14) 22... Rfd8 23. b4 Na6 24. c3 Nc7 25. Ne3 Nd5 26. Nxd5 exd5 27. a5 Bc6 28. axb6 axb6 29. Ra6 Rdc8 (29... Be8 $14) 30. Kf2 $16 Re8 31. Rd1 Rec8 32. Ke3 Be8 33. Kd4 Rc7 34. Rda1 Rbc8 35. R1a3 Re7 36. Ra8 Rxa8 37. Rxa8 {[%mdl 4096] Endgame KRB-KRB} Kf7 38. Ra1 Bc6 39. Bd3 Bb7 40. Ra7 ({Worse is} 40. Bxh7 g6 $15) 40... h6 41. Bc2 Bc6 {[#]} 42. Rxe7+ ({Better is} 42. Ra6 $1 $18) 42... Kxe7 $18 {KB-KB} 43. f4 Kd6 44. Bg6 Bb5 45. g3 Bc4 46. Bh5 b5 47. Bg6 Kc6 48. h4 Be2 49. Ke3 Bc4 50. Be8+ Kd6 51. Kf3 Bd3 52. Bf7 Bc4 53. Bg6 Kc6 54. Bb1 Kd6 55. Bc2 Ke6 56. Bg6 Kd6 57. Bf5 Bf1 58. Bc8 Bc4 59. Bh3 Bd3 60. Ke3 Bc4 61. Bg4 Kc6 62. f5 (62. Kd4 $14) 62... Kd6 $11 {The position is equal.} 63. Kf4 Bf1 64. Bd1 Bd3 65. Bb3 Bc4 66. Bc2 Bf1 67. g4 Bc4 68. g5 hxg5+ 69. hxg5 Be2 70. Bb1 Bf1 71. Bc2 Bc4 72. Bd1 Bd3 73. Bg4 fxg5+ 74. Kxg5 d4 75. cxd4 Kd5 76. Kg6 Kxd4 77. Kxg7 {[#] Hoping for f6.} Bxf5 $1 78. Bxf5 Kc4 79. Bd7 Kxb4 {Precision: White = 69%, Black = 65%.} 1/2-1/2

[Event "RUS Cup Final Women 2017"]
[Site "Khanty-Mansiysk"]
[Date "2017.12.06"]
[Round "1.2"]
[White "Shaydullina, Sandugach"]
[Black "Mirzoeva, Elmira"]
[Result "1-0"]
[WhiteElo "2185"]
[BlackElo "2313"]
[Annotator "TA"]
[PlyCount "79"]
[EventDate "2017.??.??"]
[EventCountry "RUS"]
[SourceTitle "playchess.com"]
[Source "ChessBase"]
[SourceQuality "1"]

{[%evp 21,79,3,16,14,18,0,28,31,25,39,38,23,47,20,42,35,53,35,41,37,39,27,54,27,56,32,56,56,56,0,30,0,20,20,20,20,15,14,21,25,22,0,0,0,68,61,150,150,358,376,364,384,418,428,395,368,1319,1307,1202,1183]} 1. d4 d6 2. e4 Nf6 3. Nc3 Nbd7 4. Nf3 e5 5. Bc4 Be7 6. O-O O-O 7. Re1 c6 8. a4 b6 9. d5 Bb7 10. dxc6 Bxc6 11. Nd5 {C41: Philidor-Verteidigung} (11. Bg5 a6 12. Bxf6 Nxf6 13. Qd3 Qc8 14. Nd2 Qb7 15. b4 Qc8 16. Nf1 a5 17. b5 Bd7 18. Ne3 Qc5 19. Ncd5 Nxd5 20. Nxd5 {1-0 (69) Potkin,V (2647)-Bologan,V (2672) Khanty-Mansiysk 2013}) 11... Rc8 {LiveBook: 4 Partien} 12. Ba6 Rb8 13. Bc4 $146 {Die Stellung ist ausgeglichen.} ({Vorgänger:} 13. Bb5 Bb7 14. Nxe7+ Qxe7 15. Nh4 g6 16. Bg5 Qe6 17. f3 a6 18. Bf1 d5 19. exd5 Nxd5 {1-0 (30) Hollan,P (2332)-Machan,J (2294) Kouty nad Desnou 2017}) 13... a5 14. b3 Nxd5 15. Bxd5 Qc7 16. c4 Kh8 17. Ng5 Bxg5 18. Bxg5 f6 19. Bc1 f5 20. exf5 Rxf5 21. Ba3 {Und weiter mit Lxc6 wäre nett.} Rf6 22. Re3 Rbf8 23. Ra2 Nc5 24. Bxc5 bxc5 25. Rh3 ({Günstiger ist} 25. Bxc6 $14 Qxc6 26. Rd2) 25... Bd7 26. Re3 Rf4 27. Re4 Be8 28. g3 R4f6 29. Rd2 $40 {[%cal Ba2d2,Bd2d3,Bd3d5][%mdl 160] Weiss startet einen Angriff.} Rh6 30. Re3 Bh5 31. Bf3 Rxf3 32. Rxf3 {[%cal Rf3f8]} Qe7 (32... Kg8 $11 33. h3 e4) 33. Rdd3 $14 e4 {[#]} ({Lieber} 33... Kg8 $14) 34. Qe1 $1 $16 {[%cal Re1e4]} Re6 $2 (34... Bxf3 $16 35. Rxf3 Re6) 35. Rfe3 $18 Bf3 36. Rd5 ({Auf keinen Fall} 36. Qxa5 exd3 37. Rxf3 Qe8 $18) 36... Qf6 37. Qxa5 {Beabsichtigt Da8+ und Matt.} Re8 38. Qe1 Qh6 $2 {[#]} (38... h6 39. h3 Ra8) 39. Rxf3 $1 Qg6 (39... exf3 40. Qxe8#) 40. Re3 {Precision: Weiß = 62%, Schwarz = 25%.} 1-0

[Event "RUS Cup Final Women 2017"]
[Site "Khanty-Mansiysk"]
[Date "2017.12.07"]
[Round "2.1"]
[White "Belenkaya, Dina"]
[Black "Tomilova, Elena"]
[Result "1/2-1/2"]
[WhiteElo "2303"]
[BlackElo "2322"]
[Annotator "TA"]
[PlyCount "105"]
[EventDate "2017.??.??"]
[EventCountry "RUS"]
[SourceTitle "playchess.com"]
[Source "ChessBase"]
[SourceQuality "1"]

{[%evp 18,105,46,45,55,40,45,0,0,4,22,0,14,0,0,0,0,0,14,-25,-20,-16,-22,-29,27,30,42,35,58,57,45,44,43,0,144,61,97,21,23,5,24,10,10,10,10,10,10,0,0,0,0,0,0,0,0,-13,-6,-24,-16,-17,0,0,0,0,0,0,0,0,0,0,0,0,0,-45,-59,-107,-7,-7,-9,-243,0,0,0,0,0,0,0,0,0,0]} 1. e4 c5 2. Nf3 Nc6 3. Bb5 e6 4. O-O Nge7 5. Re1 a6 6. Bf1 d5 7. exd5 Qxd5 8. a4 {B30: Sicilian: 2...Nc6 3 Bb5, lines without ...g6} Qd8 9. Na3 Nf5 10. Nc4 {LiveBook: 6 Games. White is slightly better.} Bd6 11. Nxd6+ (11. b3 {seems wilder.} Be7 12. a5 Bf6 13. Ra4 O-O 14. Ba3) 11... Qxd6 12. b3 $146 ({Predecessor:} 12. d3 O-O 13. a5 Qc7 14. Qd2 e5 15. Qc3 Nfd4 16. Qxc5 Nxf3+ 17. gxf3 {½-½ (40) Al Modiahki,M (2556)-Jakovenko,D (2709) Sochi 2008}) 12... O-O $1 13. Bb2 b6 14. Ne5 Bb7 15. Nxc6 Qxc6 16. Qg4 Rad8 17. Bd3 Nd4 18. Re3 f5 19. Qh3 $1 Rf6 20. Rg3 Rg6 (20... Kh8 $142 21. Qh5 Qd7) 21. Rxg6 $11 hxg6 22. Re1 b5 23. axb5 axb5 24. Qg3 Kf7 $1 25. Re3 Ra8 (25... Nxc2 $11 {keeps the balance.} 26. Bxc2 Rxd2) 26. f3 (26. h4 $16) 26... Rd8 27. Qe5 (27. h4 $16) 27... Qb6 {White should prevent ...Ba6.} 28. c4 ({Don't go for} 28. b4 $2 c4 $19) 28... b4 29. h4 Bc8 30. f4 Qd6 {Strongly threatening ...Qxe5.} 31. Bxd4 Qxd4 32. Qxd4 (32. Qc7+ {feels hotter.} Kg8 33. Kf1 e5 34. Qxe5 Qxe5 35. Rxe5 Rxd3 36. Re8+) 32... Rxd4 {[%mdl 4096] Endgame KRB-KRB} 33. g3 Ke7 34. Kf2 Rd6 35. Ke2 Ra6 36. Bc2 Ra2 37. Kd1 Ra1+ 38. Ke2 Rc1 39. Bd1 Bb7 40. d3 Kd6 41. Kd2 Ra1 42. Re1 Bg2 43. Re5 Bh3 44. d4 Ra2+ 45. Kc1 cxd4 46. Rb5 {[#]} Bg2 ({Black should try} 46... Bg4 $1 $17 {Threatens to win with ...Ra1+.} 47. Bxg4 fxg4) 47. Rxb4 Be4 {White must now prevent ...d3.} 48. Rb6+ $2 {[#]} (48. Ra4 $1 $11 {and White stays safe.} Rg2 49. Ra6+ Kc5 50. Ra5+ Kb4 51. Ra4+ Kc3 52. c5) 48... Kc7 $2 (48... Kc5 $1 $19 {[%cal Rc5b6]} 49. Rb5+ Kc6) 49. c5 {The position is equal.} Ra1+ 50. Kd2 Ra2+ 51. Kc1 Ra1+ 52. Kd2 Ra2+ 53. Kc1 {Precision: White = 49%, Black = 59%.} 1/2-1/2